[Event "Kent Oliver mem."]
[Site "Winnipeg CAN"]
[Date "2007.01.14"]
[Round "5"]
[White "Khedkar, Jay S"]
[Black "Einarsson, Ken"]
[Result "1-0"]
[WhiteElo "1963"]
[BlackElo "1676"]
[PlyCount "65"]
[GameId "2160767910735168"]
[EventDate "2007.01.12"]
[EventType "swiss"]
[EventRounds "5"]
[EventCountry "CAN"]
[SourceTitle "EXT 2022"]
[Source "ChessBase"]
[SourceDate "2021.10.06"]
[SourceVersion "1"]
[SourceVersionDate "2021.10.06"]
[SourceQuality "1"]

1. e4 e5 2. Nf3 Nc6 3. Bb5 Bc5 4. c3 a6 5. Bxc6 dxc6 6. Nxe5 Qe7 7. d4 Bd6 8. O-O Bxe5 9. dxe5 Qxe5 10. Qd4 Qxd4 11. cxd4 Be6 12. b3 O-O-O 13. Bb2 f6 14. Nd2 Ne7 15. Nc4 Rhf8 16. Rfe1 Ng6 17. g3 h5 18. Ne3 Rfe8 19. Rac1 Rd7 20. f3 h4 21. Kf2 hxg3+ 22. hxg3 Rh8 23. Rh1 Rdd8 24. Kg2 Rxh1 25. Rxh1 Rh8 26. f4 Rxh1 27. Kxh1 Ne7 28. Kg2 f5 29. Ba3 Ng8 30. exf5 Bd5+ 31. Nxd5 cxd5 32. Bf8 Nh6 33. f6 1-0

[Event "Kent Oliver mem."]
[Site "Winnipeg CAN"]
[Date "2007.01.14"]
[Round "5"]
[White "Nikouline, Alexandre"]
[Black "Lipnowski, Samuel"]
[Result "0-1"]
[WhiteElo "2135"]
[BlackElo "2268"]
[PlyCount "74"]
[GameId "2160767910735169"]
[EventDate "2007.01.12"]
[EventType "swiss"]
[EventRounds "5"]
[EventCountry "CAN"]
[SourceTitle "EXT 2022"]
[Source "ChessBase"]
[SourceDate "2021.10.06"]
[SourceVersion "1"]
[SourceVersionDate "2021.10.06"]
[SourceQuality "1"]

1. e4 c5 2. Nf3 d6 3. d4 cxd4 4. Nxd4 Nf6 5. Nc3 a6 6. Bg5 e6 7. f4 Qb6 8. Qd2 Qxb2 9. Rb1 Qa3 10. e5 dxe5 11. Bxf6 gxf6 12. fxe5 fxe5 13. Ne4 exd4 14. Qxd4 Nd7 15. Qxh8 Qe3+ 16. Be2 Qxe4 17. Rf1 Qxc2 18. Rb3 Qc1+ 19. Kf2 Qh6 20. Kg1 Qg7 21. Qxg7 Bxg7 22. Bh5 Nf6 23. Be2 b5 24. Bf3 Rb8 25. Rc1 Nd5 26. Be4 h6 27. Rg3 Kf8 28. Rf3 Nf6 29. Bc6 Bb7 30. Bxb7 Rxb7 31. Rc8+ Ke7 32. Ra8 Rc7 33. Rxa6 Ng4 34. Rf1 Ne3 35. Re1 Bd4 36. Kh1 Rc2 37. g3 Ng4 0-1

[Event "Kent Oliver mem."]
[Site "Winnipeg CAN"]
[Date "2007.01.14"]
[Round "5"]
[White "Rutter, Blair"]
[Black "Kaptsan, Aron"]
[Result "0-1"]
[WhiteElo "1958"]
[BlackElo "2015"]
[PlyCount "60"]
[GameId "2160767910735170"]
[EventDate "2007.01.12"]
[EventType "swiss"]
[EventRounds "5"]
[EventCountry "CAN"]
[SourceTitle "EXT 2022"]
[Source "ChessBase"]
[SourceDate "2021.10.06"]
[SourceVersion "1"]
[SourceVersionDate "2021.10.06"]
[SourceQuality "1"]

1. c4 c5 2. g3 Nf6 3. Bg2 d5 4. cxd5 Nxd5 5. d3 Nc6 6. a3 e5 7. e4 Nc7 8. Nf3 Be7 9. O-O O-O 10. Be3 b6 11. Nc3 Be6 12. Rc1 Qd7 13. Qd2 Rad8 14. Rfd1 Bb3 15. Re1 Qxd3 16. Qxd3 Rxd3 17. Nd2 Be6 18. f4 f6 19. f5 Bf7 20. Nd5 Bxd5 21. exd5 Nxd5 22. Nc4 Nxe3 23. Nxe3 Nd4 24. Nd5 Bd6 25. Kf1 Rd2 26. b4 Nxf5 27. Rc3 Nd4 28. Ne3 cxb4 29. axb4 Bxb4 30. Rc7 Rxg2 0-1

[Event "Kingston CC ch"]
[Site "Kingston CAN"]
[Date "2007.02.19"]
[Round "1"]
[White "Palmer, Jordan"]
[Black "Turken, Emre"]
[Result "1/2-1/2"]
[WhiteElo "2028"]
[BlackElo "1889"]
[PlyCount "36"]
[GameId "2160767910718374"]
[EventDate "2007.02.19"]
[EventType "swiss"]
[EventRounds "6"]
[EventCountry "CAN"]

1. e4 c5 2. Nf3 d6 3. d4 cxd4 4. Nxd4 Nf6 5. Bd3 g6 6. O-O Bg7 7. Nc3 Nc6 8. Nxc6 bxc6 9. Bg5 O-O 10. Qd2 Re8 11. Rfe1 Rb8 12. Bc4 Nd7 13. Bb3 Nc5 14. Rad1 Qc7 15. Bh6 Bf6 16. Bg5 Bg7 17. Bh6 Bf6 18. Bg5 Bg7 1/2-1/2

[Event "Kingston CC ch"]
[Site "Kingston CAN"]
[Date "2007.02.19"]
[Round "2"]
[White "Sibbald, Peter"]
[Black "Palmer, Jordan"]
[Result "1/2-1/2"]
[WhiteElo "2002"]
[BlackElo "2028"]
[PlyCount "87"]
[GameId "2160767910718375"]
[EventDate "2007.02.19"]
[EventType "swiss"]
[EventRounds "6"]
[EventCountry "CAN"]

1. d4 Nf6 2. c4 e5 3. dxe5 Ng4 4. Nf3 Bc5 5. e3 Nc6 6. a3 Ngxe5 7. b4 Be7 8. Bb2 Bf6 9. Nc3 O-O 10. Be2 d6 11. O-O Be6 12. Nd2 Ng6 13. Nde4 Be7 14. Nd5 Bh4 15. g3 Be7 16. Nxe7+ Qxe7 17. Nc3 Bh3 18. Nd5 Qd7 19. Re1 Nce7 20. Qd4 f6 21. Rad1 Nf5 22. Qc3 Rae8 23. Bh5 Nfe7 24. Bf3 Ne5 25. Bh1 Bg4 26. Rd4 Nf3+ 27. Bxf3 Bxf3 28. Nxe7+ Rxe7 29. Rf4 Be4 30. f3 Bg6 31. Kg2 a6 32. Rd4 Rfe8 33. Qd2 Bh5 34. g4 Bg6 35. c5 Re6 36. h3 Qe7 37. cxd6 cxd6 38. e4 f5 39. e5 fxg4 40. hxg4 Rxe5 41. Rxe5 dxe5 42. Rd7 Qe6 43. Rxb7 Bf7 44. Qc3 1/2-1/2

[Event "Kingston CC ch"]
[Site "Kingston CAN"]
[Date "2007.02.19"]
[Round "3"]
[White "Cairns, James"]
[Black "Palmer, Jordan"]
[Result "0-1"]
[WhiteElo "1651"]
[BlackElo "2028"]
[PlyCount "86"]
[GameId "2160767910718376"]
[EventDate "2007.02.19"]
[EventType "swiss"]
[EventRounds "6"]
[EventCountry "CAN"]

1. c4 Nf6 2. Nf3 g6 3. Nc3 Bg7 4. g3 O-O 5. Bg2 d6 6. d4 Nc6 7. O-O Bf5 8. Nh4 Bd7 9. e3 Bg4 10. Nf3 Qd7 11. Qa4 a6 12. d5 Nb8 13. Qxd7 Nbxd7 14. h3 Bf5 15. Nd2 Nb6 16. e4 Bd7 17. Rb1 e6 18. b3 exd5 19. Nxd5 Nbxd5 20. cxd5 Rfe8 21. Bb2 c5 22. Rfe1 Rad8 23. Nc4 Bb5 24. a4 Bxc4 25. bxc4 Nd7 26. Bxg7 Kxg7 27. Rxb7 Ne5 28. Rc1 Rb8 29. Rxb8 Rxb8 30. f4 Nd3 31. Rd1 Nb2 32. Rb1 Rb4 33. a5 Nxc4 34. Rxb4 cxb4 35. Bf1 Nxa5 36. Bxa6 b3 37. Bd3 b2 38. e5 dxe5 39. fxe5 Nc4 40. d6 Kf8 41. Kf2 Nxe5 42. Bb1 Nc4 43. Ke2 Na3 0-1

[Event "Kingston CC ch"]
[Site "Kingston CAN"]
[Date "2007.02.19"]
[Round "4"]
[White "Palmer, Jordan"]
[Black "McKay, Geoff"]
[Result "1/2-1/2"]
[WhiteElo "2028"]
[BlackElo "2086"]
[PlyCount "39"]
[GameId "2160767910718377"]
[EventDate "2007.02.19"]
[EventType "swiss"]
[EventRounds "6"]
[EventCountry "CAN"]

1. e4 Nf6 2. e5 Nd5 3. Nc3 Nxc3 4. dxc3 d5 5. exd6 exd6 6. Bd3 Be7 7. Nf3 O-O 8. O-O Nc6 9. Bf4 Bg4 10. Re1 Bf6 11. Be2 Re8 12. Qd3 Qd7 13. Rad1 Bf5 14. Qd2 Re7 15. Bd3 Rae8 16. Rxe7 Rxe7 17. Re1 h6 18. Rxe7 Bxe7 19. h3 Bf6 20. Qe3 1/2-1/2

[Event "Kingston CC ch"]
[Site "Kingston CAN"]
[Date "2007.02.19"]
[Round "5"]
[White "Palmer, Jordan"]
[Black "Green, Peter"]
[Result "1-0"]
[WhiteElo "2028"]
[BlackElo "1758"]
[PlyCount "61"]
[GameId "2160767910718378"]
[EventDate "2007.02.19"]
[EventType "swiss"]
[EventRounds "6"]
[EventCountry "CAN"]

1. e4 e6 2. d4 d5 3. Bf4 a6 4. exd5 Qxd5 5. Bxc7 Nc6 6. Nf3 Nf6 7. Be2 Bb4+ 8. c3 Be7 9. O-O O-O 10. Nbd2 b5 11. Ne5 Nxe5 12. Bxe5 Bb7 13. Bf3 Qd7 14. Qe2 Nd5 15. Rad1 Rac8 16. Rfe1 Rfd8 17. h3 Bf8 18. Be4 g6 19. Nb3 f6 20. Bg3 Re8 21. Bf3 Kf7 22. Nc1 Ba8 23. Nd3 a5 24. Nf4 Nb6 25. Bxa8 Rxa8 26. Rd3 Bh6 27. Rf3 e5 28. dxe5 Rxe5 29. Qxe5 fxe5 30. Nd5+ Kg7 31. Bxe5+ 1-0

[Event "Kingston CC ch"]
[Site "Kingston CAN"]
[Date "2007.02.19"]
[Round "6"]
[White "Serdula, Jay"]
[Black "Palmer, Jordan"]
[Result "1/2-1/2"]
[WhiteElo "1760"]
[BlackElo "2028"]
[PlyCount "109"]
[GameId "2160767910718379"]
[EventDate "2007.02.19"]
[EventType "swiss"]
[EventRounds "6"]
[EventCountry "CAN"]

1. e4 d5 2. exd5 Nf6 3. d4 Nxd5 4. c4 Nf6 5. Nf3 e6 6. Nc3 Bd6 7. Bd3 O-O 8. Bg5 Nc6 9. a3 h6 10. Bh4 a6 11. O-O Be7 12. Bc2 Nh7 13. Qd3 f5 14. Bxe7 Qxe7 15. Rfe1 Ng5 16. Nh4 Qf7 17. f4 Nh7 18. Re3 Qf6 19. Nf3 Rd8 20. d5 exd5 21. Nxd5 Qf7 22. Nh4 Rf8 23. Rae1 Rd8 24. Nxf5 Bxf5 25. Qxf5 Qxf5 26. Bxf5 Nf6 27. Nxc7 Rab8 28. Nd5 Nd4 29. Nxf6+ gxf6 30. Bb1 Nc6 31. Kf2 Rd4 32. g3 Kf8 33. c5 Rbd8 34. Re6 Kg7 35. Be4 Rd2+ 36. Kg1 Rxb2 37. Bxc6 bxc6 38. Rd6 Rxd6 39. cxd6 Rd2 40. Re7+ Kf8 41. Ra7 Rxd6 42. Rxa6 Rd1+ 43. Kg2 Rc1 44. a4 Kf7 45. a5 Ra1 46. Kf3 c5 47. Kg4 Ke7 48. Kh5 c4 49. Kxh6 Ra2 50. Kg6 Rxh2 51. Rxf6 Rg2 52. Rc6 Rxg3+ 53. Kf5 Ra3 54. a6 Kd7 55. Rxc4 1/2-1/2

[Event "Kristiania op"]
[Site "Edmonton CAN"]
[Date "2007.11.01"]
[Round "1"]
[White "Bae, Torstein"]
[Black "Hughey, Micah"]
[Result "1-0"]
[WhiteElo "2402"]
[BlackElo "2124"]
[PlyCount "43"]
[GameId "2160767910574518"]
[EventDate "2007.11.01"]
[EventType "swiss"]
[EventRounds "5"]
[EventCountry "CAN"]

1. d4 d5 2. c4 e6 3. Nc3 c5 4. cxd5 exd5 5. Nf3 Nc6 6. g3 Nf6 7. Bg2 Be7 8. O-O O-O 9. dxc5 d4 10. Na4 Bf5 11. a3 Be4 12. b4 Qd5 13. Bf4 Rad8 14. Nb2 Ng4 15. Nd3 Bf6 16. Bd6 Rfe8 17. b5 Nce5 18. Nf4 Qc4 19. Nd2 Bxg2 20. Nxc4 Bxf1 21. Nxe5 Nxe5 22. Qxf1 1-0

[Event "Kristiania op"]
[Site "Edmonton CAN"]
[Date "2007.11.01"]
[Round "1"]
[White "Haynes, Nicolas"]
[Black "Pua, Richard"]
[Result "1-0"]
[WhiteElo "2233"]
[BlackElo "1958"]
[PlyCount "80"]
[GameId "2160767910574519"]
[EventDate "2007.11.01"]
[EventType "swiss"]
[EventRounds "5"]
[EventCountry "CAN"]

1. c4 c6 2. d4 d5 3. Nc3 Nf6 4. e3 e6 5. Nf3 Bd6 6. Qc2 O-O 7. g4 Nxg4 8. Rg1 f5 9. h3 Nf6 10. Bd2 b6 11. O-O-O a6 12. Ne5 b5 13. cxd5 cxd5 14. Kb1 Bb7 15. Be2 Nbd7 16. f4 Ne4 17. Nxe4 dxe4 18. Bc3 Rc8 19. d5 Nf6 20. dxe6 Qe7 21. Qb3 b4 22. Be1 Bc5 23. Rd7 Bxe3 24. Bxb4 Bd5 25. Bxe7 Bxb3 26. axb3 Bxg1 27. Bxf8 Nxd7 28. exd7 Rxf8 29. Bc4+ Kh8 30. d8=Q Rxd8 31. Nf7+ Kg8 32. Nxd8+ Kf8 33. Ne6+ Kf7 34. Kc2 Kf6 35. Kd2 h6 36. h4 h5 37. Ke2 a5 38. Kf1 Be3 39. Kg2 Bc1 40. Kg3 Bxb2 1-0

[Event "Kristiania op"]
[Site "Edmonton CAN"]
[Date "2007.11.01"]
[Round "1"]
[White "Johnson, Ron"]
[Black "Laboucane, Randy"]
[Result "0-1"]
[WhiteElo "1427"]
[BlackElo "1722"]
[PlyCount "78"]
[GameId "2160767910574520"]
[EventDate "2007.11.01"]
[EventType "swiss"]
[EventRounds "5"]
[EventCountry "CAN"]

1. e4 c5 2. Nf3 d6 3. d4 cxd4 4. Nxd4 Nf6 5. Nc3 a6 6. a4 e6 7. Be2 Qc7 8. O-O Bd7 9. Be3 Nc6 10. Kh1 Be7 11. f4 Nxd4 12. Bxd4 Bc6 13. Bd3 b6 14. e5 Nd7 15. Qh5 dxe5 16. fxe5 g6 17. Qe2 Bb7 18. Be4 Bxe4 19. Qxe4 Rc8 20. Rf3 Nb8 21. Raf1 Rf8 22. Qe3 Bc5 23. Bxc5 Qxc5 24. Ne4 Qxe3 25. Rxe3 Rxc2 26. Nd6+ Ke7 27. h3 f5 28. exf6+ Kxd6 29. Rd3+ Kc7 30. f7 Nc6 31. Rf6 Nd8 32. Kh2 Rxf7 33. Rxf7+ Nxf7 34. Rf3 Nd6 35. Rf8 Rxb2 36. Rh8 Nf5 37. Rxh7+ Kd6 38. Rh8 Rb4 39. Rd8+ Kc7 0-1

[Event "Kristiania op"]
[Site "Edmonton CAN"]
[Date "2007.11.01"]
[Round "1"]
[White "Pedersen, Rick"]
[Black "Grumic, Sasha"]
[Result "1/2-1/2"]
[WhiteElo "1927"]
[BlackElo "2190"]
[PlyCount "82"]
[GameId "2160767910574521"]
[EventDate "2007.11.01"]
[EventType "swiss"]
[EventRounds "5"]
[EventCountry "CAN"]

1. e4 g6 2. d4 Bg7 3. Nc3 c5 4. Nf3 cxd4 5. Nxd4 Nc6 6. Be3 Nf6 7. Bc4 O-O 8. f3 Qb6 9. Bb3 Nxe4 10. Nd5 Qa5+ 11. c3 Nf6 12. Nxc6 dxc6 13. Nxe7+ Kh8 14. Nxc8 Re8 15. Kf2 Raxc8 16. Re1 Rcd8 17. Qc2 Rxe3 18. Rxe3 Qb6 19. Ke2 Bh6 20. Rd3 Re8+ 21. Kf1 Nh5 22. g3 f5 23. Qf2 Be3 24. Rxe3 Rxe3 25. Re1 f4 26. gxf4 Rxe1+ 27. Qxe1 Qd8 28. Qe5+ Nf6 29. Ke2 Kg7 30. f5 g5 31. Be6 h5 32. h3 Qb6 33. Bb3 Qd8 34. Qe6 Qc7 35. Kd3 c5 36. Qe3 Qd7+ 37. Ke2 Qxf5 38. Qe7+ Kh8 39. Qf8+ Kh7 40. Bg8+ Kg6 41. Bf7+ Kh7 1/2-1/2

[Event "Kristiania op"]
[Site "Edmonton CAN"]
[Date "2007.11.01"]
[Round "1"]
[White "Roberts, Richard"]
[Black "Seehagen, Terry"]
[Result "0-1"]
[WhiteElo "1483"]
[BlackElo "1666"]
[PlyCount "60"]
[GameId "2160767910574522"]
[EventDate "2007.11.01"]
[EventType "swiss"]
[EventRounds "5"]
[EventCountry "CAN"]

1. d4 Nf6 2. c4 e5 3. dxe5 Ng4 4. Nf3 Bc5 5. e3 Nc6 6. a3 a5 7. Qd5 b6 8. e6 O-O 9. exf7+ Kh8 10. Bd3 Nf6 11. Qg5 Rxf7 12. Qh4 Re7 13. O-O Ne5 14. Nxe5 Rxe5 15. Bxh7 Rh5 16. Qg3 Rxh7 17. b3 d5 18. Bb2 Bd6 19. f4 dxc4 20. bxc4 Bc5 21. Bxf6 Qxf6 22. Nd2 Bb7 23. Rae1 a4 24. Nf3 Bxf3 25. Qxf3 Re8 26. Kh1 Qc3 27. Qc6 Rf8 28. Qxc7 Qxa3 29. e4 Qg3 30. h3 Rxh3+ 0-1

[Event "Kristiania op"]
[Site "Edmonton CAN"]
[Date "2007.11.01"]
[Round "1"]
[White "Stark, Mark"]
[Black "Gardner, Robert"]
[Result "1/2-1/2"]
[WhiteElo "1995"]
[BlackElo "2261"]
[PlyCount "90"]
[GameId "2160767910574523"]
[EventDate "2007.11.01"]
[EventType "swiss"]
[EventRounds "5"]
[EventCountry "CAN"]

1. d4 Nf6 2. Bg5 e6 3. e3 c5 4. c3 d5 5. Nf3 Nbd7 6. Ne5 Be7 7. Bd3 h6 8. Bxf6 Bxf6 9. f4 Qb6 10. Qb3 Nxe5 11. fxe5 Qxb3 12. axb3 Be7 13. Nd2 f6 14. Nf3 f5 15. h4 g6 16. Ke2 Bd7 17. Ra5 cxd4 18. exd4 a6 19. b4 Kf7 20. Rha1 Rag8 21. b5 Bd8 22. R5a3 a5 23. Rh1 b6 24. Raa1 g5 25. hxg5 hxg5 26. Raf1 Kg7 27. Ne1 Be7 28. g3 Ra8 29. g4 fxg4 30. Rfg1 Rxh1 31. Rxh1 Rh8 32. Rxh8 Kxh8 33. Kf2 Kg7 34. Kg3 Kh6 35. Nc2 a4 36. Kxg4 Be8 37. Kg3 Bh5 38. c4 dxc4 39. Bxc4 Bf7 40. Ne3 a3 41. bxa3 Bxa3 42. d5 exd5 43. Nxd5 Bb2 44. Nxb6 Bxe5+ 45. Kg2 Bxc4 1/2-1/2

[Event "Labour Day op"]
[Site "Langley CAN"]
[Date "2007.09.01"]
[Round "1"]
[White "Botez, Alexandra"]
[Black "Cruz, Joshua"]
[Result "1-0"]
[WhiteElo "1797"]
[BlackElo "2004"]
[PlyCount "47"]
[GameId "2160767910579638"]
[EventDate "2007.09.01"]
[EventType "swiss"]
[EventRounds "6"]
[EventCountry "CAN"]

1. d4 d5 2. c4 e6 3. Nc3 Nf6 4. Nf3 c6 5. Bf4 dxc4 6. e3 b5 7. a4 a6 8. axb5 cxb5 9. Nxb5 Bb4+ 10. Nc3 Ne4 11. Qa4+ Bd7 12. Qxb4 Nc6 13. Qxc4 Nxc3 14. Qxc3 O-O 15. Bd3 Qf6 16. Bg5 Ne7 17. Bxf6 gxf6 18. d5 Nxd5 19. Qd4 Bc6 20. Qg4+ Kh8 21. Qh4 f5 22. Ng5 Nf6 23. Qh6 Rg8 24. Nxf7# 1-0

[Event "Labour Day op"]
[Site "Langley CAN"]
[Date "2007.09.01"]
[Round "1"]
[White "Datcu-Romano, Anca"]
[Black "Enns, Edward"]
[Result "1-0"]
[WhiteElo "1843"]
[BlackElo "1331"]
[PlyCount "65"]
[GameId "2160767910579639"]
[EventDate "2007.09.01"]
[EventType "swiss"]
[EventRounds "6"]
[EventCountry "CAN"]

1. e4 e5 2. Nf3 Nc6 3. Nc3 Bc5 4. Bb5 a6 5. Ba4 b5 6. Bb3 d6 7. d3 h6 8. O-O Nf6 9. h3 Nd4 10. Nxd4 Bxd4 11. Ne2 Ba7 12. Be3 c5 13. Ng3 O-O 14. Qe2 d5 15. exd5 Nxd5 16. Bd2 Re8 17. Rfe1 Qd6 18. Ne4 Qg6 19. Bxd5 Bxh3 20. Qf3 Bg4 21. Qg3 Rad8 22. c4 Rxd5 23. cxd5 f5 24. Nc3 f4 25. Bxf4 exf4 26. Rxe8+ Qxe8 27. Qxg4 g5 28. Qe6+ Qxe6 29. dxe6 Kf8 30. Re1 g4 31. Nd5 g3 32. e7+ Ke8 33. Nf6+ 1-0

[Event "Labour Day op"]
[Site "Langley CAN"]
[Date "2007.09.01"]
[Round "1"]
[White "Doknjas, John"]
[Black "Yee, Peter"]
[Result "0-1"]
[WhiteElo "1354"]
[BlackElo "1845"]
[PlyCount "94"]
[GameId "2160767910579640"]
[EventDate "2007.09.01"]
[EventType "swiss"]
[EventRounds "6"]
[EventCountry "CAN"]

1. d4 d6 2. c4 g6 3. Nc3 Bg7 4. e4 Nf6 5. f4 O-O 6. Nf3 c5 7. Be3 Ng4 8. Qd2 Nxe3 9. Qxe3 cxd4 10. Nxd4 Qb6 11. O-O-O Nc6 12. Nc2 Qxe3+ 13. Nxe3 Be6 14. Ned5 Rac8 15. Be2 Rfe8 16. g4 f6 17. h4 Na5 18. Rd4 Bxd5 19. exd5 Rc7 20. Bd3 Rec8 21. Re1 Kf7 22. Rde4 b6 23. h5 Nb7 24. hxg6+ hxg6 25. g5 Nc5 26. R4e3 Nxd3+ 27. Rxd3 Rxc4 28. gxf6 Kxf6 29. Re6+ Kf7 30. Rde3 Bxc3 31. Rxc3 Rxc3+ 32. bxc3 Rxc3+ 33. Kb2 Rd3 34. Re4 Rxd5 35. Ra4 a5 36. Kb3 Ke6 37. Kc4 Rc5+ 38. Kd4 Kf5 39. Ke3 Rc3+ 40. Kd4 Rf3 41. Kd5 Rxf4 42. Ra3 Rf1 43. Kc6 g5 44. Kb7 g4 45. Ka8 Rf3 46. Rxf3+ gxf3 47. Kb8 f2 0-1

[Event "Labour Day op"]
[Site "Langley CAN"]
[Date "2007.09.01"]
[Round "1"]
[White "Han, Yiming"]
[Black "Parker, Dylan"]
[Result "1-0"]
[WhiteElo "1927"]
[BlackElo "1460"]
[PlyCount "91"]
[GameId "2160767910579641"]
[EventDate "2007.09.01"]
[EventType "swiss"]
[EventRounds "6"]
[EventCountry "CAN"]

1. e4 e5 2. Nf3 Nc6 3. Nc3 Nf6 4. d4 exd4 5. Nxd4 Bb4 6. Nxc6 bxc6 7. Bd3 d5 8. exd5 cxd5 9. O-O O-O 10. Bg5 h6 11. Bxf6 Qxf6 12. Nxd5 Qd6 13. a3 Bc5 14. Nc3 Qf6 15. Ne4 Qb6 16. Qf3 Bb7 17. Qf5 Bxe4 18. Qxe4 g6 19. Qc4 Kg7 20. Rae1 Rae8 21. Re4 Rxe4 22. Bxe4 Bd4 23. c3 Bf6 24. b4 Qd6 25. g3 Re8 26. Bg2 Qe5 27. Qa6 Qxc3 28. Qxa7 Bd4 29. Qb7 Re2 30. Qf3 Qb2 31. h3 c5 32. bxc5 Bxc5 33. a4 Qa2 34. Qc3+ Kh7 35. Qxc5 Qxa4 36. Qc7 Qe8 37. Qc6 Qe7 38. h4 h5 39. Qb7 Qe8 40. Bf3 Re7 41. Qd5 Rd7 42. Qg5 Rd3 43. Bxh5 gxh5 44. Qf5+ Kg7 45. Qxd3 Kf8 46. Qd6+ 1-0

[Event "Labour Day op"]
[Site "Langley CAN"]
[Date "2007.09.01"]
[Round "1"]
[White "Hoyer, Andrew"]
[Black "Li, Changhe"]
[Result "0-1"]
[WhiteElo "999"]
[BlackElo "1801"]
[PlyCount "76"]
[GameId "2160767910579642"]
[EventDate "2007.09.01"]
[EventType "swiss"]
[EventRounds "6"]
[EventCountry "CAN"]

1. e4 c5 2. Nf3 e6 3. d4 cxd4 4. Nxd4 a6 5. Bd3 Bc5 6. c3 Qc7 7. Be3 Nf6 8. Nd2 O-O 9. Qf3 Be7 10. O-O d6 11. Qe2 Nbd7 12. Rfc1 Ne5 13. b4 Nxd3 14. Qxd3 Ng4 15. h3 Nxe3 16. Qxe3 Bf6 17. f4 Bd7 18. c4 b6 19. a4 Rac8 20. a5 h6 21. Ra2 Rfd8 22. N4b3 bxa5 23. Rxa5 Bb2 24. Rc2 Bf6 25. Rxa6 Qb7 26. Qb6 Qxb6+ 27. Rxb6 d5 28. exd5 exd5 29. c5 Bf5 30. Ra2 d4 31. Ra5 d3 32. c6 Be6 33. Kf2 Bxb3 34. Nxb3 d2 35. Nxd2 Bd4+ 36. Kf3 Bxb6 37. Ra4 Rxd2 38. b5 Rb2 0-1

[Event "Labour Day op"]
[Site "Langley CAN"]
[Date "2007.09.01"]
[Round "1"]
[White "Landingin, Jofrei"]
[Black "Lohner, Jason"]
[Result "0-1"]
[WhiteElo "1872"]
[BlackElo "1396"]
[PlyCount "66"]
[GameId "2160767910579645"]
[EventDate "2007.09.01"]
[EventType "swiss"]
[EventRounds "6"]
[EventCountry "CAN"]

1. e4 c5 2. c3 d5 3. e5 Nc6 4. f4 e6 5. Nf3 Nge7 6. Bd3 g6 7. Bc2 Bg7 8. O-O O-O 9. d4 cxd4 10. cxd4 b6 11. a3 Ba6 12. Rf2 Rc8 13. b4 Bb7 14. g4 f5 15. g5 b5 16. Nbd2 Qb6 17. Nf1 a5 18. Ra2 a4 19. h4 Qd8 20. Qe2 Ba6 21. Bxa4 Qb6 22. Bd1 Nxd4 23. Nxd4 Qxd4 24. h5 Rc7 25. h6 Bh8 26. Be3 Qc4 27. Bc5 Qxe2 28. Bxe2 Rfc8 29. a4 Rd7 30. Bxb5 Bxb5 31. axb5 Rb8 32. b6 Nc6 33. Ra7 Rbb7 0-1

[Event "Labour Day op"]
[Site "Langley CAN"]
[Date "2007.09.01"]
[Round "1"]
[White "McLaren, Brian"]
[Black "Long, Hugh"]
[Result "1-0"]
[WhiteElo "2262"]
[BlackElo "1766"]
[PlyCount "67"]
[GameId "2160767910579649"]
[EventDate "2007.09.01"]
[EventType "swiss"]
[EventRounds "6"]
[EventCountry "CAN"]

1. e4 e6 2. d4 d5 3. Nc3 Nf6 4. e5 Nfd7 5. f4 c5 6. Nce2 Nc6 7. Nf3 Be7 8. c3 c4 9. g3 b5 10. Bg2 Nb6 11. O-O h6 12. Be3 Bd7 13. Nd2 Qc7 14. b3 Na5 15. h3 O-O-O 16. Bf3 Rdg8 17. Rf2 g5 18. fxg5 Bxg5 19. Bxg5 hxg5 20. Bg4 Rf8 21. Nf3 Rhg8 22. b4 Nc6 23. Qd2 Qd8 24. Raf1 f5 25. exf6 Rxf6 26. Qe3 a5 27. bxa5 Na4 28. Ne5 Rxf2 29. Rxf2 Nxe5 30. Qxe5 Nb2 31. Qd6 Re8 32. Rf7 Nd1 33. a6 Ne3 34. a7 1-0

[Event "Labour Day op"]
[Site "Langley CAN"]
[Date "2007.09.01"]
[Round "1"]
[White "Paulson, Stewart"]
[Black "Kyriakides, Savvas"]
[Result "0-1"]
[WhiteElo "1614"]
[BlackElo "2012"]
[PlyCount "48"]
[GameId "2160767910579651"]
[EventDate "2007.09.01"]
[EventType "swiss"]
[EventRounds "6"]
[EventCountry "CAN"]

1. d4 f5 2. Nf3 Nf6 3. c3 d6 4. e3 Be6 5. Ng5 Bg8 6. Bd3 g6 7. Nd2 Bg7 8. Bc4 d5 9. Bb3 Nbd7 10. Ndf3 c6 11. h3 Qc7 12. c4 e5 13. cxd5 Nxd5 14. dxe5 Nxe5 15. Nxe5 Qxe5 16. Nf3 Qe7 17. O-O O-O-O 18. Bxd5 Bxd5 19. Qe2 Qb4 20. a3 Qa4 21. Rd1 Bc4 22. Rxd8+ Rxd8 23. b3 Bxe2 24. bxa4 Rd1+ 0-1

[Event "Labour Day op"]
[Site "Langley CAN"]
[Date "2007.09.01"]
[Round "1"]
[White "Sohal, Tanraj"]
[Black "Rodriques, Adrian"]
[Result "1-0"]
[WhiteElo "1801"]
[BlackElo "1184"]
[PlyCount "21"]
[GameId "2160767910579652"]
[EventDate "2007.09.01"]
[EventType "swiss"]
[EventRounds "6"]
[EventCountry "CAN"]

1. d4 d5 2. c4 e6 3. Nc3 Bb4 4. a3 Bxc3+ 5. bxc3 dxc4 6. e4 Nf6 7. Bg5 h6 8. Bxf6 Qxf6 9. Bxc4 Nc6 10. Ne2 b6 11. Bb5 1-0

[Event "Labour Day op"]
[Site "Langley CAN"]
[Date "2007.09.01"]
[Round "1"]
[White "Trandafir, Stefan"]
[Black "Zhao, Donovan"]
[Result "0-1"]
[WhiteElo "1927"]
[BlackElo "1529"]
[PlyCount "82"]
[GameId "2160767910579653"]
[EventDate "2007.09.01"]
[EventType "swiss"]
[EventRounds "6"]
[EventCountry "CAN"]

1. d4 d5 2. c4 e6 3. Nc3 Nf6 4. Nf3 Nbd7 5. Bf4 Be7 6. e3 c6 7. c5 O-O 8. h3 Re8 9. Bd3 Nf8 10. b4 Nh5 11. Bh2 Nf6 12. O-O Ng6 13. Qc2 Nd7 14. a4 Bf6 15. Rfb1 e5 16. Bf1 Ndf8 17. b5 exd4 18. Nxd4 Bxd4 19. exd4 Qh4 20. Qd2 Ne6 21. Rd1 Nef4 22. a5 Qg5 23. Kh1 cxb5 24. Nxb5 Re2 25. Bxf4 Nxf4 26. Re1 Bxh3 27. Qxf4 Qxf4 28. Rxe2 Bd7 29. Rb1 Bxb5 30. Rxb5 Qc7 31. Reb2 Rb8 32. a6 b6 33. cxb6 Rxb6 34. Rxb6 axb6 35. Ra2 Qa7 36. Bb5 f6 37. Bc6 Kf7 38. Bxd5+ Ke7 39. Bb7 Kd7 40. g3 b5 41. Kg2 b4 0-1

[Event "Labour Day op"]
[Site "Langley CAN"]
[Date "2007.09.01"]
[Round "1"]
[White "Trochtchanovitch, Pavel"]
[Black "Sullivan, Brian"]
[Result "1-0"]
[WhiteElo "2021"]
[BlackElo "1671"]
[PlyCount "59"]
[GameId "2160767910579654"]
[EventDate "2007.09.01"]
[EventType "swiss"]
[EventRounds "6"]
[EventCountry "CAN"]

1. e4 c5 2. Nf3 d6 3. d4 cxd4 4. Nxd4 Nf6 5. Nc3 a6 6. g3 g6 7. Bg2 Bg7 8. O-O O-O 9. Be3 Ng4 10. Bc1 Nc6 11. Nxc6 bxc6 12. h3 Ne5 13. f4 Nc4 14. Qe2 Nb6 15. f5 a5 16. Qf3 Nc4 17. Kh2 Rb8 18. Nd1 Ba6 19. Rf2 Bd4 20. Be3 Nxe3 21. Nxe3 Rxb2 22. Rd2 Qb6 23. Ng4 Bg7 24. f6 exf6 25. Nxf6+ Bxf6 26. Qxf6 Rb1 27. Rxb1 Qxb1 28. a3 d5 29. exd5 cxd5 30. Qxa6 1-0